Normal view
MARC view
Entry Personal Name
001 - CONTROL NUMBER
- control field: 17794
003 - CONTROL NUMBER IDENTIFIER
- control field: BD-RjUL
005 - DATE AND TIME OF LATEST TRANSACTION
- control field: 20260225103931.0
008 - FIXED-LENGTH DATA ELEMENTS
- fixed length control field: 260225|| aca||aabn | a|a d
040 ## - CATALOGING SOURCE
- Original cataloging agency: BD-RjUL
- Transcribing agency: BD-RjUL
100 ## - HEADING--PERSONAL NAME
- Personal name: ;; حسىن., انتظار Ḥusain, Intiz̤ār
- Dates associated with a name: ا1925-2016
670 ## - SOURCE DATA FOUND
- Source citation: Work cat.: (BD-RjUL)86212: ;; حسىن., انتظار Ḥusain, Intiz̤ār ا1925-2016,, چاند گہن / Chānd gahan /, 195?